| 000 | 00480nam a2200181 i 4500 | ||
|---|---|---|---|
| 001 | bgj | ||
| 100 | 1 |
_aWHITNEY, Phyllis A. _d(1903- ). |
|
| 245 | 1 | 0 |
_aSpindrift / _cPhyliss A. Whitney. |
| 260 |
_aGarden City, NY : _bDoubleday & Company, Inc., _cc. 1975. |
||
| 300 |
_a249 pp ; _c22 cm. |
||
| 650 | 9 |
_aFathers _xDeath |
|
| 650 | 9 | _aRomantic suspense novels | |
| 655 | _aFiction | ||
| 040 | _cBPK | ||
| 041 | 0 | _aeng | |
| 942 | _cKS | ||
| 008 | s uk f |000 0 eng | ||
| 999 |
_c47501 _d47501 |
||
| 856 |
_uhttp://koha.tu.koszalin.pl/cgi-bin/koha/opac-detail.pl?biblionumber=47501 _yKatalog online BPK |
||